The age of the warrior / (Record no. 533628)
[ view plain ]
| 000 -LEADER | |
|---|---|
| fixed length control field | 01387nam a2200289 a 4500 |
| 001 - CONTROL NUMBER | |
| control field | ASIN0007270739 |
| 003 - CONTROL NUMBER IDENTIFIER | |
| control field | OSt |
| 005 - DATE AND TIME OF LATEST TRANSACTION | |
| control field | 20200115102934.0 |
| 008 - FIXED-LENGTH DATA ELEMENTS--GENERAL INFORMATION | |
| fixed length control field | 131025s2008 xxu eng d |
| 020 ## - INTERNATIONAL STANDARD BOOK NUMBER | |
| International Standard Book Number | 0007270739 (paperback) |
| Terms of availability | $21.25 |
| 020 ## - INTERNATIONAL STANDARD BOOK NUMBER | |
| International Standard Book Number | 9780007270736 (paperback) |
| 038 ## - RECORD CONTENT LICENSOR | |
| Staff Name | MSOHAIL |
| 040 ## - CATALOGING SOURCE | |
| Original cataloging agency | a |
| 050 04 - LIBRARY OF CONGRESS CALL NUMBER | |
| Classification number | PN4873.F57 |
| 082 04 - DEWEY DECIMAL CLASSIFICATION NUMBER | |
| Classification number | 824.914 |
| Author Mark | FIS 2008 |
| 100 1# - MAIN ENTRY--PERSONAL NAME | |
| Personal name | Fisk, Robert. |
| 9 (RLIN) | 27581 |
| 245 14 - TITLE STATEMENT | |
| Title | The age of the warrior / |
| Statement of responsibility, etc. | Robert Fisk. |
| 260 ## - PUBLICATION, DISTRIBUTION, ETC. | |
| Place of publication, distribution, etc. | [S.l.] : |
| Name of publisher, distributor, etc. | Fourth Estate Ltd, |
| Date of publication, distribution, etc. | 2008. |
| 300 ## - PHYSICAL DESCRIPTION | |
| Extent | 320 p. ; |
| Dimensions | 22 cm. |
| 520 ## - SUMMARY, ETC. | |
| Summary, etc. | A selection of Robert Fisk's finest 'Comment' pieces from the Saturday 'Independent'. Robert Fisk has amassed a devoted readership over the years, with his insightful, witty and always outspoken articles on international politics and mankind's war-torn recent history. He is best known for his writing about the Middle East, its wars, dictators and international relations, but these 'Comment' articles cover an array of topics, from his soldier grandfather to handwriting to the titanic - and of course President Bush, terrorism and Iraq. |
| 650 #0 - SUBJECT ADDED ENTRY--TOPICAL TERM | |
| Topical term or geographic name entry element | Fisk, Robert |
| 9 (RLIN) | 27582 |
| 650 #0 - SUBJECT ADDED ENTRY--TOPICAL TERM | |
| Topical term or geographic name entry element | Foreign correspondents |
| 9 (RLIN) | 27583 |
| 650 #0 - SUBJECT ADDED ENTRY--TOPICAL TERM | |
| Topical term or geographic name entry element | War correspondents |
| 9 (RLIN) | 27584 |
| 650 #0 - SUBJECT ADDED ENTRY--TOPICAL TERM | |
| Topical term or geographic name entry element | World politics |
| 9 (RLIN) | 27585 |
| 856 40 - ELECTRONIC LOCATION AND ACCESS | |
| Materials specified | Amazon.com |
| Uniform Resource Identifier | <a href="http://www.amazon.com/exec/obidos/ASIN/0007270739/chopaconline-20">http://www.amazon.com/exec/obidos/ASIN/0007270739/chopaconline-20</a> |
| 942 ## - ADDED ENTRY ELEMENTS (KOHA) | |
| Source of classification or shelving scheme | |
| Koha item type | Book |
| Withdrawn status | Lost status | Source of classification or shelving scheme | Damaged status | Not for loan | Permanent Location | Current Location | Date acquired | Total Checkouts | Full call number | Barcode | Date last seen | Price effective from | Koha item type |
|---|---|---|---|---|---|---|---|---|---|---|---|---|---|
| School of Civil and Environmental Engineering (SCEE) | School of Civil and Environmental Engineering (SCEE) | 01/15/2020 | 909.831 | NIT-9225 | 01/15/2020 | 01/15/2020 | Book |
